[Event "GBR-ch108 Senior 65+"]
[Site "Torquay"]
[Date "2022.08.15"]
[Round "1.8"]
[White "Jackson, Oliver A"]
[Black "Collins, Peter M"]
[Result "1-0"]
[WhiteElo "2066"]
[BlackElo "1831"]
[PlyCount "59"]
[EventDate "2022.08.15"]
[EventType "swiss"]
[EventRounds "7"]
[EventCountry "GBR"]
[SourceTitle "BritBase"]
[Source "John Saunders"]
[SourceDate "2021.06.05"]
[SourceVersion "1"]
[SourceVersionDate "2021.06.05"]
[SourceQuality "1"]
[WhiteTeam "England"]
[BlackTeam "England"]
[WhiteTeamCountry "ENG"]
[BlackTeamCountry "ENG"]

1. e4 e6 2. d4 d5 3. Nc3 Bb4 4. e5 c5 5. a3 Bxc3+ 6. bxc3 Qc7 7. Nf3 Nc6 8. Be2
Nge7 9. O-O b6 10. a4 O-O 11. Re1 c4 12. Ba3 Re8 13. Qd2 h6 14. g4 Ng6 15. h4
Qd8 16. h5 Nh4 17. Qf4 Nxf3+ 18. Qxf3 f6 19. Qg3 a5 20. f4 Ra7 21. Rf1 Rf7 22.
Rf2 f5 23. Rg2 Kh8 24. Rb1 Rg8 25. g5 hxg5 26. fxg5 f4 27. Qh3 Rf5 28. g6 Rg5
29. Rxg5 Qxg5+ 30. Kh1 1-0

[Event "GBR-ch108 Senior 65+"]
[Site "Torquay"]
[Date "2022.08.15"]
[Round "1.9"]
[White "Smith, David"]
[Black "Burnett, Jim"]
[Result "0-1"]
[WhiteElo "1831"]
[BlackElo "2056"]
[PlyCount "78"]
[EventDate "2022.08.15"]
[EventType "swiss"]
[EventRounds "7"]
[EventCountry "GBR"]
[SourceTitle "BritBase"]
[Source "John Saunders"]
[SourceDate "2021.06.05"]
[SourceVersion "1"]
[SourceVersionDate "2021.06.05"]
[SourceQuality "1"]
[WhiteTeam "England"]
[BlackTeam "England"]
[WhiteTeamCountry "ENG"]
[BlackTeamCountry "ENG"]

1. e4 e6 2. d4 d5 3. exd5 exd5 4. c4 Nf6 5. Nc3 Be7 6. Nf3 O-O 7. Be2 Nbd7 8.
cxd5 Nb6 9. O-O Nbxd5 10. Re1 c6 11. a3 Bg4 12. Ne5 Bxe2 13. Qxe2 h6 14. Bd2
Rc8 15. Nxd5 Nxd5 16. Qe4 Nf6 17. Qf4 Bd6 18. Qg3 Kh8 19. Qh4 Ng8 20. Qxd8
Rcxd8 21. Bc3 Nf6 22. Nc4 Nd5 23. Nxd6 Rxd6 24. Bd2 Rfd8 25. Re2 Kg8 26. Rae1
f6 27. Re8+ Kf7 28. Rxd8 Rxd8 29. f3 Nc7 30. Ba5 b6 31. Bc3 Nb5 32. Rd1 c5 33.
d5 Rd6 34. a4 Nc7 35. Kf2 Rxd5 36. Rxd5 Nxd5 37. Bd2 c4 38. f4 f5 39. Kf3 Ke6
0-1

[Event "GBR-ch108 Senior 65+"]
[Site "Torquay"]
[Date "2022.08.15"]
[Round "1.10"]
[White "Hewson, Brian W R"]
[Black "Marshall, Michael"]
[Result "1-0"]
[WhiteElo "2026"]
[BlackElo "1829"]
[PlyCount "119"]
[EventDate "2022.08.15"]
[EventType "swiss"]
[EventRounds "7"]
[EventCountry "GBR"]
[SourceTitle "BritBase"]
[Source "John Saunders"]
[SourceDate "2021.06.05"]
[SourceVersion "1"]
[SourceVersionDate "2021.06.05"]
[SourceQuality "1"]
[WhiteTeam "England"]
[BlackTeam "Denmark"]
[WhiteTeamCountry "ENG"]
[BlackTeamCountry "DEN"]

1. d4 d5 2. c4 e6 3. Nc3 Nf6 4. cxd5 exd5 5. Bg5 Be7 6. e3 O-O 7. Bd3 h6 8. Bh4
c6 9. Nge2 b5 10. O-O b4 11. Na4 Nbd7 12. Rc1 Bb7 13. Qb3 a5 14. Rfd1 Rc8 15.
Bxf6 Bxf6 16. Bf5 Be7 17. Bxd7 Qxd7 18. Nb6 Qg4 19. Nxc8 Rxc8 20. Qd3 Bd6 21.
Ng3 Qh4 22. Qf5 Rd8 23. Qh3 Qg5 24. Qh5 Qf6 25. Qf3 Qh4 26. h3 g6 27. Ne2 Kg7
28. Qg4 Qe7 29. Nf4 Bc8 30. Qf3 Bb7 31. Nd3 Re8 32. Re1 f5 33. Nc5 Bc8 34. Nb3
Qc7 35. Nc5 Qe7 36. Nd3 Bb7 37. Red1 Rc8 38. Nc5 Rf8 39. Nxb7 Qxb7 40. Qe2 Re8
41. Qc2 Rc8 42. Qa4 Qb6 43. Rc2 f4 44. Rdc1 fxe3 45. fxe3 Rf8 46. Rxc6 Qd8 47.
Rxd6 Qxd6 48. Qc6 Qxc6 49. Rxc6 a4 50. Rc5 Rd8 51. Rb5 a3 52. Rxb4 axb2 53.
Rxb2 Rc8 54. Rb5 Rc1+ 55. Kf2 Rc2+ 56. Kf3 Rxa2 57. Rxd5 Ra3 58. h4 Kf6 59.
Rd6+ Kf7 60. h5 1-0

[Event "GBR-ch108 Senior 65+"]
[Site "Torquay"]
[Date "2022.08.15"]
[Round "1.11"]
[White "Johnson, Richard J"]
[Black "Girdlestone, Paul C"]
[Result "1-0"]
[WhiteElo "1828"]
[BlackElo "2023"]
[PlyCount "57"]
[EventDate "2022.08.15"]
[EventType "swiss"]
[EventRounds "7"]
[EventCountry "GBR"]
[SourceTitle "BritBase"]
[Source "John Saunders"]
[SourceDate "2021.06.05"]
[SourceVersion "1"]
[SourceVersionDate "2021.06.05"]
[SourceQuality "1"]
[WhiteTeam "England"]
[BlackTeam "England"]
[WhiteTeamCountry "ENG"]
[BlackTeamCountry "ENG"]

1. e4 c5 2. Nf3 d6 3. d4 cxd4 4. Nxd4 Nf6 5. Nc3 Nc6 6. Bg5 Qa5 7. Bxf6 gxf6 8.
Qd2 h5 9. Nb3 Qd8 10. f4 Bd7 11. O-O-O a6 12. Be2 Rc8 13. Kb1 e6 14. Rhe1 Qb6
15. Bf3 a5 16. e5 fxe5 17. fxe5 d5 18. Bxd5 Bh6 19. Qe2 Nb4 20. Bxb7 Rc7 21.
Ne4 Rxb7 22. Nd6+ Kf8 23. Nxb7 Bb5 24. Qxh5 Qf2 25. Nd4 Ke7 26. Nxb5 Qxc2+ 27.
Ka1 Qc4 28. Rd7+ Kxd7 29. Qxf7+ 1-0

[Event "GBR-ch108 Senior 65+"]
[Site "Torquay"]
[Date "2022.08.15"]
[Round "1.13"]
[White "Matthew, Ian G"]
[Black "Bonafont, Philip R"]
[Result "0-1"]
[WhiteElo "1816"]
[BlackElo "2001"]
[PlyCount "88"]
[EventDate "2022.08.15"]
[EventType "swiss"]
[EventRounds "7"]
[EventCountry "GBR"]
[SourceTitle "BritBase"]
[Source "John Saunders"]
[SourceDate "2021.06.05"]
[SourceVersion "1"]
[SourceVersionDate "2021.06.05"]
[SourceQuality "1"]
[WhiteTeam "England"]
[BlackTeam "England"]
[WhiteTeamCountry "ENG"]
[BlackTeamCountry "ENG"]

1. e4 c6 2. d4 d5 3. Nc3 dxe4 4. Nxe4 Nf6 5. Nxf6+ exf6 6. Bc4 Bd6 7. Qe2+ Be7
8. c3 O-O 9. Nf3 Bd6 10. O-O Re8 11. Qc2 Nd7 12. Bd3 Nf8 13. Nh4 g6 14. Bh6 f5
15. Nf3 Be6 16. Rae1 Qc7 17. h4 Nd7 18. Ng5 Nf6 19. Nxe6 Rxe6 20. Rxe6 fxe6 21.
Re1 Re8 22. Bc4 Kf7 23. Qe2 Nd5 24. g4 Bh2+ 25. Kf1 Bf4 26. Bxd5 cxd5 27. Bxf4
Qxf4 28. gxf5 Qxf5 29. Qe3 Kg7 30. Qg3 Rf8 31. Qe5+ Qxe5 32. Rxe5 Kf6 33. Kg2
b5 34. Kg3 h6 35. Re3 Rc8 36. Rf3+ Ke7 37. Kf4 Rf8+ 38. Kg3 Rf5 39. Rxf5 exf5
40. f4 Kf6 41. h5 g5 42. b4 a6 43. a3 Kg7 44. Kf3 gxf4 0-1

[Event "GBR-ch108 Senior 65+"]
[Site "Torquay"]
[Date "2022.08.15"]
[Round "1.14"]
[White "Footner, Andrew F"]
[Black "Whiteside, Robert"]
[Result "1/2-1/2"]
[WhiteElo "1995"]
[BlackElo "1816"]
[PlyCount "95"]
[EventDate "2022.08.15"]
[EventType "swiss"]
[EventRounds "7"]
[EventCountry "GBR"]
[SourceTitle "BritBase"]
[Source "John Saunders"]
[SourceDate "2021.06.05"]
[SourceVersion "1"]
[SourceVersionDate "2021.06.05"]
[SourceQuality "1"]
[WhiteTeam "England"]
[BlackTeam "England"]
[WhiteTeamCountry "ENG"]
[BlackTeamCountry "ENG"]

1. e4 e6 2. d4 d5 3. Nc3 Nf6 4. Bg5 Bb4 5. e5 h6 6. Be3 Bxc3+ 7. bxc3 Ne4 8.
Qg4 Kf8 9. Bd3 Nxc3 10. Bd2 Ne4 11. Bxe4 dxe4 12. Bb4+ Kg8 13. Qxe4 Nc6 14. Bc3
Qd5 15. f3 a5 16. Ne2 Nb4 17. Bxb4 axb4 18. Qxd5 exd5 19. Nf4 c6 20. Nd3 Ra4
21. Kd2 Bf5 22. Nc5 Ra7 23. g4 Be6 24. h4 h5 25. g5 Bf5 26. Rhb1 b6 27. Nd3
Bxd3 28. Kxd3 c5 29. a3 c4+ 30. Kd2 bxa3 31. Rxb6 Kh7 32. Rb5 Rd8 33. Kc3 Ra4
34. Rb6 Kg8 35. f4 Kf8 36. Kd2 Rda8 37. f5 R4a6 38. Rxa6 Rxa6 39. Kc3 Ra4 40.
Kd2 Ke8 41. Kc1 c3 42. Kb1 Rb4+ 43. Ka2 Rxd4 44. Kb3 Rxh4 45. Rxa3 Re4 46. Ra8+
Kd7 47. Ra7+ Ke8 48. Ra8+ 1/2-1/2

[Event "GBR-ch108 Senior 65+"]
[Site "Torquay"]
[Date "2022.08.15"]
[Round "1.15"]
[White "Dennis, Nigel W"]
[Black "Smith, Graham"]
[Result "1-0"]
[WhiteElo "1814"]
[BlackElo "1985"]
[PlyCount "39"]
[EventDate "2022.08.15"]
[EventType "swiss"]
[EventRounds "7"]
[EventCountry "GBR"]
[SourceTitle "BritBase"]
[Source "John Saunders"]
[SourceDate "2021.06.05"]
[SourceVersion "1"]
[SourceVersionDate "2021.06.05"]
[SourceQuality "1"]
[WhiteTeam "England"]
[BlackTeam "England"]
[WhiteTeamCountry "ENG"]
[BlackTeamCountry "ENG"]

1. e4 e5 2. Nf3 Nc6 3. Bb5 a6 4. Ba4 Nf6 5. O-O Nxe4 6. d4 b5 7. Bb3 d5 8. dxe5
Be6 9. c3 Bc5 10. Nbd2 Nxf2 11. Rxf2 f6 12. exf6 Qxf6 13. Nd4 Nxd4 14. Rxf6
Nxb3+ 15. Kh1 gxf6 16. Nxb3 Bb6 17. Nd4 Bxd4 18. Qxd4 O-O 19. Bh6 Rf7 20. Rf1
1-0

[Event "GBR-ch108 Senior 65+"]
[Site "Torquay"]
[Date "2022.08.15"]
[Round "1.16"]
[White "Myall, Ivan J"]
[Black "Tidmarsh, David A"]
[Result "1-0"]
[WhiteElo "1983"]
[BlackElo "1802"]
[PlyCount "88"]
[EventDate "2022.08.15"]
[EventType "swiss"]
[EventRounds "7"]
[EventCountry "GBR"]
[SourceTitle "BritBase"]
[Source "John Saunders"]
[SourceDate "2021.06.05"]
[SourceVersion "1"]
[SourceVersionDate "2021.06.05"]
[SourceQuality "1"]
[WhiteTeam "England"]
[BlackTeam "England"]
[WhiteTeamCountry "ENG"]
[BlackTeamCountry "ENG"]

1. d4 d5 2. Bf4 e6 3. e3 Nf6 4. c3 Bd6 5. Bg3 O-O 6. Nd2 c6 7. Bd3 Qc7 8. Bxd6
Qxd6 9. f4 Nbd7 10. g4 g6 11. Qf3 c5 12. Ne2 cxd4 13. exd4 h5 14. h3 b6 15.
O-O-O a5 16. Rdg1 Kh8 17. Ng3 h4 18. Ne2 Ba6 19. Bxa6 Rxa6 20. Qf2 b5 21. Qxh4+
Kg7 22. g5 Ng8 23. Kb1 Rc8 24. Rc1 Nb6 25. Nf3 b4 26. Ne5 Nc4 27. Ng4 Nd2+ 28.
Ka1 Ne4 29. Ne5 Ra7 30. c4 dxc4 31. Nxc4 Qe7 32. Nb6 Rxc1+ 33. Rxc1 Rb7 34. Nc4
Rc7 35. Qe1 a4 36. Ne5 Rxc1+ 37. Qxc1 b3 38. Nc3 Nxc3 39. Qxc3 bxa2 40. d5 f6
41. gxf6+ Nxf6 42. dxe6 Kh6 43. Ng4+ Nxg4 44. hxg4 Qxe6 1-0

[Event "GBR-ch108 Senior 65+"]
[Site "Torquay"]
[Date "2022.08.15"]
[Round "1.17"]
[White "Blewitt, Stephen"]
[Black "Newton, Robert A"]
[Result "0-1"]
[WhiteElo "1776"]
[BlackElo "1976"]
[PlyCount "44"]
[EventDate "2022.08.15"]
[EventType "swiss"]
[EventRounds "7"]
[EventCountry "GBR"]
[SourceTitle "BritBase"]
[Source "John Saunders"]
[SourceDate "2021.06.05"]
[SourceVersion "1"]
[SourceVersionDate "2021.06.05"]
[SourceQuality "1"]
[WhiteTeam "England"]
[BlackTeam "England"]
[WhiteTeamCountry "ENG"]
[BlackTeamCountry "ENG"]

1. d4 g6 2. Nf3 Bg7 3. e4 d6 4. c3 c6 5. Be3 Nd7 6. Be2 Qc7 7. Qc1 b6 8. h3 Bb7
9. a4 a6 10. Nbd2 Ngf6 11. O-O O-O 12. Nh2 e5 13. f4 exd4 14. cxd4 Rae8 15. Bf3
c5 16. d5 Nxd5 17. exd5 Rxe3 18. Nc4 Ree8 19. Qc2 f5 20. Rfe1 b5 21. axb5 axb5
22. Na5 Rxe1+ 0-1

[Event "GBR-ch108 Senior 65+"]
[Site "Torquay"]
[Date "2022.08.15"]
[Round "1.18"]
[White "Bennett, Patrick"]
[Black "Moore, Gillian A"]
[Result "0-1"]
[WhiteElo "1963"]
[BlackElo "1768"]
[PlyCount "68"]
[EventDate "2022.08.15"]
[EventType "swiss"]
[EventRounds "7"]
[EventCountry "GBR"]
[SourceTitle "BritBase"]
[Source "John Saunders"]
[SourceDate "2021.06.05"]
[SourceVersion "1"]
[SourceVersionDate "2021.06.05"]
[SourceQuality "1"]
[WhiteTeam "Wales"]
[BlackTeam "England"]
[WhiteTeamCountry "WLS"]
[BlackTeamCountry "ENG"]

1. d4 d5 2. Bf4 Bf5 3. c4 dxc4 4. Nc3 Nf6 5. e3 e6 6. Bxc4 c6 7. Nf3 Bd6 8.
Bxd6 Qxd6 9. O-O O-O 10. Re1 Qb4 11. Bb3 Nbd7 12. Rc1 Rad8 13. Qd2 Bg4 14. Bd1
h6 15. Qc2 Bh5 16. a3 Qd6 17. h3 Bg6 18. Qb3 Rb8 19. Nd2 Rfc8 20. Bf3 b5 21.
Nde4 Qe7 22. Qb4 Qxb4 23. axb4 Nd5 24. Nd6 Rd8 25. Na2 Rb6 26. e4 Nf4 27. Re3
e5 28. Nf5 Bxf5 29. exf5 exd4 30. Ra3 Ne5 31. Be4 Ne2+ 32. Kf1 Nxc1 33. Nxc1
Nc4 34. Rxa7 Nd2+ 0-1

[Event "GBR-ch108 Senior 65+"]
[Site "Torquay"]
[Date "2022.08.15"]
[Round "1.20"]
[White "Stimpson, Philip M"]
[Black "Norman, Dinah M"]
[Result "1/2-1/2"]
[WhiteElo "1950"]
[BlackElo "1670"]
[PlyCount "73"]
[EventDate "2022.08.15"]
[EventType "swiss"]
[EventRounds "7"]
[EventCountry "GBR"]
[SourceTitle "BritBase"]
[Source "John Saunders"]
[SourceDate "2021.06.05"]
[SourceVersion "1"]
[SourceVersionDate "2021.06.05"]
[SourceQuality "1"]
[WhiteTeam "England"]
[BlackTeam "England"]
[WhiteTeamCountry "ENG"]
[BlackTeamCountry "ENG"]

1. e4 d5 2. exd5 Qxd5 3. Nc3 Qd8 4. Nf3 Nf6 5. Bc4 Bf5 6. Ne5 e6 7. g4 Be4 8.
Nxe4 Nxe4 9. Qf3 Nd6 10. Qb3 Nxc4 11. Qxc4 Nd7 12. d4 Nxe5 13. dxe5 Qd5 14.
Qxd5 exd5 15. Be3 Be7 16. f4 h5 17. g5 g6 18. Rd1 O-O-O 19. h4 Rhe8 20. Rf1 Bf8
21. a3 c5 22. c3 b6 23. b4 Kb7 24. bxc5 bxc5 25. Rf2 Kc6 26. Rb2 Rb8 27. Rdb1
Rxb2 28. Rxb2 Bg7 29. Kd2 Rd8 30. Kd3 Bf8 31. a4 a5 32. Rb5 Ra8 33. c4 Be7 34.
Bf2 Ra7 35. Be1 Bd8 36. Bf2 Be7 37. Be1 1/2-1/2

[Event "GBR-ch108 Senior 65+"]
[Site "Torquay"]
[Date "2022.08.15"]
[Round "1.23"]
[White "Gunn, Michael J"]
[Black "Moore, John C"]
[Result "0-1"]
[WhiteElo "1598"]
[BlackElo "1946"]
[PlyCount "90"]
[EventDate "2022.08.15"]
[EventType "swiss"]
[EventRounds "7"]
[EventCountry "GBR"]
[SourceTitle "BritBase"]
[Source "John Saunders"]
[SourceDate "2021.06.05"]
[SourceVersion "1"]
[SourceVersionDate "2021.06.05"]
[SourceQuality "1"]
[WhiteTeam "England"]
[BlackTeam "England"]
[WhiteTeamCountry "ENG"]
[BlackTeamCountry "ENG"]

1. e4 Nf6 2. e5 Nd5 3. d4 d6 4. c4 Nb6 5. exd6 cxd6 6. Nf3 g6 7. Nc3 Bg7 8. h3
O-O 9. Be3 Nc6 10. Rc1 Bf5 11. a3 d5 12. cxd5 Nxd5 13. Nxd5 Qxd5 14. Be2 Rad8
15. O-O Be4 16. b4 Nxd4 17. Bxd4 Bxd4 18. Nxd4 Qxd4 19. Qxd4 Rxd4 20. Rfd1 Rfd8
21. Rxd4 Rxd4 22. Rc7 e6 23. Rc3 Bc6 24. Bf3 Bxf3 25. Rxf3 Rd1+ 26. Kh2 Ra1 27.
g3 h5 28. h4 Kf8 29. Rc3 b6 30. Rc8+ Kg7 31. Rc3 Kf6 32. Kg2 Ra2 33. Re3 e5 34.
Rf3+ Ke6 35. Rc3 f6 36. Rc6+ Kf5 37. Rc3 e4 38. Re3 Rd2 39. Kf1 Rd3 40. Ke2
Rxe3+ 41. Kxe3 Ke5 42. a4 a6 43. b5 axb5 44. axb5 Kd5 45. Kd2 Kd4 0-1

[Event "GBR-ch108 Senior 65+"]
[Site "Torquay"]
[Date "2022.08.15"]
[Round "1.25"]
[White "Jackson, Paul G"]
[Black "Vickery, Jim E"]
[Result "1/2-1/2"]
[WhiteElo "1578"]
[BlackElo "1927"]
[PlyCount "53"]
[EventDate "2022.08.15"]
[EventType "swiss"]
[EventRounds "7"]
[EventCountry "GBR"]
[SourceTitle "BritBase"]
[Source "John Saunders"]
[SourceDate "2021.06.05"]
[SourceVersion "1"]
[SourceVersionDate "2021.06.05"]
[SourceQuality "1"]
[WhiteTeam "England"]
[BlackTeam "England"]
[WhiteTeamCountry "ENG"]
[BlackTeamCountry "ENG"]

1. f4 Nf6 2. Nf3 g6 3. e3 Bg7 4. Be2 O-O 5. O-O c5 6. c3 d5 7. d4 b6 8. Ne5 Ne4
9. Nd2 Nxd2 10. Bxd2 f6 11. Nd3 c4 12. Nf2 Bb7 13. Bf3 f5 14. g4 e6 15. g5 Nd7
16. h4 Kf7 17. h5 Rh8 18. a4 a6 19. Bg2 Qc7 20. h6 Bf8 21. b3 b5 22. axb5 axb5
23. Rxa8 Bxa8 24. bxc4 bxc4 25. Qc2 Bd6 26. Ra1 Bc6 27. Kf1 1/2-1/2

[Event "GBR-ch108 Senior 65+"]
[Site "Torquay"]
[Date "2022.08.15"]
[Round "1.27"]
[White "Berkley, Stephen W"]
[Black "De Coverly, Roger D"]
[Result "0-1"]
[WhiteElo "1562"]
[BlackElo "1918"]
[PlyCount "44"]
[EventDate "2022.08.15"]
[EventType "swiss"]
[EventRounds "7"]
[EventCountry "GBR"]
[SourceTitle "BritBase"]
[Source "John Saunders"]
[SourceDate "2021.06.05"]
[SourceVersion "1"]
[SourceVersionDate "2021.06.05"]
[SourceQuality "1"]
[WhiteTeam "England"]
[BlackTeam "England"]
[WhiteTeamCountry "ENG"]
[BlackTeamCountry "ENG"]

1. d4 Nf6 2. c4 g6 3. Nc3 Bg7 4. e4 d6 5. Nge2 O-O 6. Ng3 h5 7. Be2 h4 8. Nf1
c5 9. d5 h3 10. g3 a6 11. a4 e6 12. Ne3 exd5 13. exd5 Re8 14. O-O Nbd7 15. Ra3
Ne4 16. Nxe4 Rxe4 17. f3 Re8 18. Kh1 Nf6 19. Rf2 Bd7 20. Bf1 Nh7 21. g4 Qh4 22.
Kg1 Bd4 0-1

[Event "GBR-ch108 Senior 65+"]
[Site "Torquay"]
[Date "2022.08.15"]
[Round "1.29"]
[White "Jerome, Stellio"]
[Black "Mildenhall, John"]
[Result "0-1"]
[WhiteElo "1441"]
[BlackElo "1898"]
[PlyCount "74"]
[EventDate "2022.08.15"]
[EventType "swiss"]
[EventRounds "7"]
[EventCountry "GBR"]
[SourceTitle "BritBase"]
[Source "John Saunders"]
[SourceDate "2021.06.05"]
[SourceVersion "1"]
[SourceVersionDate "2021.06.05"]
[SourceQuality "1"]
[WhiteTeam "England"]
[BlackTeam "England"]
[WhiteTeamCountry "ENG"]
[BlackTeamCountry "ENG"]

1. g4 d5 2. h3 e5 3. Bg2 Bc5 4. Nc3 c6 5. e3 Nd7 6. Nge2 Bd6 7. Ng3 Ne7 8. d4
O-O 9. Qf3 e4 10. Qe2 f5 11. g5 Ng6 12. h4 f4 13. exf4 Nxf4 14. Bxf4 Bxf4 15.
Nh5 Nb6 16. b3 Qd6 17. Nxf4 Qxf4 18. Qe3 Bg4 19. Ne2 Bxe2 20. Qxf4 Rxf4 21.
Kxe2 Raf8 22. Raf1 Nc8 23. c3 Nd6 24. f3 Nf5 25. Rh3 Nxh4 26. Bh1 Nxf3 27. Bxf3
Rxf3 28. Rhxf3 Rxf3 29. Rxf3 exf3+ 30. Kxf3 Kf7 31. Kg4 Kg6 32. Kf4 h6 33. gxh6
gxh6 34. a4 h5 35. b4 Kf6 36. b5 cxb5 37. axb5 a5 0-1

[Event "GBR-ch108 Senior 65+"]
[Site "Torquay"]
[Date "2022.08.15"]
[Round "1.30"]
[White "Thynne, Trefor F"]
[Black "Chadwick, Susan E"]
[Result "1-0"]
[WhiteElo "1884"]
[BlackElo "1427"]
[PlyCount "107"]
[EventDate "2022.08.15"]
[EventType "swiss"]
[EventRounds "7"]
[EventCountry "GBR"]
[SourceTitle "BritBase"]
[Source "John Saunders"]
[SourceDate "2021.06.05"]
[SourceVersion "1"]
[SourceVersionDate "2021.06.05"]
[SourceQuality "1"]
[WhiteTeam "England"]
[BlackTeam "England"]
[WhiteTeamCountry "ENG"]
[BlackTeamCountry "ENG"]

1. d4 d5 2. c4 c6 3. Nf3 Bg4 4. Nbd2 e6 5. e3 Nf6 6. Be2 Bd6 7. O-O Nbd7 8. b3
O-O 9. Bb2 Qc7 10. h3 Bh5 11. Rc1 Rac8 12. Re1 Qb8 13. c5 Bc7 14. b4 e5 15.
dxe5 Nxe5 16. Nh4 Bxe2 17. Qxe2 Ned7 18. f4 Rfe8 19. Qf3 Re6 20. Bd4 Rce8 21.
Rf1 Bd8 22. Nf5 Ne4 23. Nxe4 dxe4 24. Qg4 Rg6 25. Nh6+ gxh6 26. Qxd7 Bf6 27.
Rfd1 Rd8 28. Be5 Rxd7 29. Bxb8 Rxd1+ 30. Rxd1 Bc3 31. Bxa7 Bxb4 32. Rd4 Bc3 33.
Rxe4 Kh8 34. Bb8 Rg8 35. Bd6 Ra8 36. a4 Kg8 37. Kf2 Rd8 38. Kf3 Bg7 39. Kg4 b6
40. Bc7 Rf8 41. Rc4 b5 42. axb5 cxb5 43. Rb4 f5+ 44. Kf3 Rf7 45. Bd6 Bf8 46.
Rxb5 Bxd6 47. cxd6 Rd7 48. Rd5 Kf7 49. g4 fxg4+ 50. Kxg4 Ke6 51. e4 Rg7+ 52.
Kh5 Rg3 53. d7 Rxh3+ 54. Kg4 1-0

[Event "GBR-ch108 Senior 65+"]
[Site "Torquay"]
[Date "2022.08.16"]
[Round "2.1"]
[White "Nunn, John D M"]
[Black "Reuben, Stewart"]
[Result "1-0"]
[WhiteElo "2577"]
[BlackElo "1946"]
[PlyCount "43"]
[EventDate "2022.08.15"]
[EventType "swiss"]
[EventRounds "7"]
[EventCountry "GBR"]
[SourceTitle "BritBase"]
[Source "John Saunders"]
[SourceDate "2021.06.05"]
[SourceVersion "1"]
[SourceVersionDate "2021.06.05"]
[SourceQuality "1"]
[WhiteTeam "England"]
[BlackTeam "England"]
[WhiteTeamCountry "ENG"]
[BlackTeamCountry "ENG"]

1. e4 e5 2. Nf3 Nf6 3. d4 Nxe4 4. Bd3 d5 5. Nxe5 Bd6 6. O-O Qe7 7. c4 Bxe5 8.
dxe5 Nc5 9. Nc3 Nxd3 10. Nxd5 Qd7 11. Qxd3 c6 12. Qg3 Qg4 13. Nc7+ Kd8 14. Nxa8
Qxg3 15. fxg3 Be6 16. Be3 b6 17. a4 Bxc4 18. Rf4 Bd5 19. a5 Kc8 20. axb6 a6 21.
Nc7 Bc4 22. Rxc4 1-0

[Event "GBR-ch108 Senior 65+"]
[Site "Torquay"]
[Date "2022.08.16"]
[Round "2.2"]
[White "Moore, John C"]
[Black "Chandler, Cliff R"]
[Result "0-1"]
[WhiteElo "1946"]
[BlackElo "2244"]
[PlyCount "94"]
[EventDate "2022.08.15"]
[EventType "swiss"]
[EventRounds "7"]
[EventCountry "GBR"]
[SourceTitle "BritBase"]
[Source "John Saunders"]
[SourceDate "2021.06.05"]
[SourceVersion "1"]
[SourceVersionDate "2021.06.05"]
[SourceQuality "1"]
[WhiteTeam "England"]
[BlackTeam "England"]
[WhiteTeamCountry "ENG"]
[BlackTeamCountry "ENG"]

1. e4 d5 2. exd5 Nf6 3. Be2 c6 4. d4 cxd5 5. Bf4 Nc6 6. c3 e6 7. Nd2 Bd6 8.
Bxd6 Qxd6 9. Ngf3 O-O 10. O-O b6 11. Bd3 e5 12. dxe5 Nxe5 13. Nxe5 Qxe5 14. Nf3
Qd6 15. Re1 Bb7 16. Nd4 Ne4 17. Qc2 g6 18. f3 Nc5 19. Re2 a5 20. Bb5 Ne6 21.
Nxe6 fxe6 22. Bd3 e5 23. Rae1 Rae8 24. Qd2 Qf6 25. Qe3 Kg7 26. Bb5 Re7 27. h4
h6 28. g3 d4 29. cxd4 Qxf3 30. Qxf3 Rxf3 31. dxe5 Rxg3+ 32. Kh2 Rg4 33. Kh3 Rb4
34. a4 Bc8+ 35. e6 Rxe6 36. Rxe6 Kf7 37. R1e2 Bxe6+ 38. Kg3 Rg4+ 39. Kh3 Re4+
40. Kg3 Rxe2 41. Bxe2 Bd7 42. Bc4+ Kf6 43. Bb3 Ke5 44. Bc2 g5 45. Bd1 Kd4 46.
hxg5 hxg5 47. Bb3 Kc5 0-1

[Event "GBR-ch108 Senior 65+"]
[Site "Torquay"]
[Date "2022.08.16"]
[Round "2.3"]
[White "De Coverly, Roger D"]
[Black "Norman, Kenneth I"]
[Result "0-1"]
[WhiteElo "1918"]
[BlackElo "2117"]
[PlyCount "94"]
[EventDate "2022.08.15"]
[EventType "swiss"]
[EventRounds "7"]
[EventCountry "GBR"]
[SourceTitle "BritBase"]
[Source "John Saunders"]
[SourceDate "2021.06.05"]
[SourceVersion "1"]
[SourceVersionDate "2021.06.05"]
[SourceQuality "1"]
[WhiteTeam "England"]
[BlackTeam "England"]
[WhiteTeamCountry "ENG"]
[BlackTeamCountry "ENG"]

1. d4 Nf6 2. c4 g6 3. Nc3 d5 4. cxd5 Nxd5 5. e4 Nxc3 6. bxc3 Bg7 7. Bc4 c5 8.
Ne2 Nc6 9. Be3 O-O 10. O-O Bd7 11. Rc1 Rc8 12. Qd2 Qa5 13. Rfd1 cxd4 14. cxd4
Qxd2 15. Rxd2 Na5 16. Rdc2 Nxc4 17. Rxc4 Rxc4 18. Rxc4 Bb5 19. Rc2 Bd3 20. Rd2
Bxe4 21. f3 Bd5 22. Nf4 Rd8 23. Rc2 Bf6 24. Kf2 Kg7 25. Nxd5 Rxd5 26. Rc7 Ra5
27. Rc2 b6 28. Ke2 e6 29. f4 h5 30. g3 Ra4 31. Rd2 b5 32. h3 Ra3 33. g4 hxg4
34. hxg4 g5 35. f5 a5 36. fxe6 fxe6 37. Kf3 b4 38. Ke4 a4 39. Rc2 Kg6 40. Rc4
Be7 41. Bd2 Rxa2 42. Bxb4 Bxb4 43. Rxb4 a3 44. Ra4 Ra1 45. Ra6 Kf7 46. Ra7+ Kf6
47. Ra6 a2 0-1

[Event "GBR-ch108 Senior 65+"]
[Site "Torquay"]
[Date "2022.08.16"]
[Round "2.5"]
[White "Mildenhall, John"]
[Black "James, David J"]
[Result "1/2-1/2"]
[WhiteElo "1898"]
[BlackElo "2100"]
[PlyCount "76"]
[EventDate "2022.08.15"]
[EventType "swiss"]
[EventRounds "7"]
[EventCountry "GBR"]
[SourceTitle "BritBase"]
[Source "John Saunders"]
[SourceDate "2021.06.05"]
[SourceVersion "1"]
[SourceVersionDate "2021.06.05"]
[SourceQuality "1"]
[WhiteTeam "England"]
[BlackTeam "Wales"]
[WhiteTeamCountry "ENG"]
[BlackTeamCountry "WLS"]

1. d4 Nf6 2. Bf4 b6 3. e3 Bb7 4. Nf3 e6 5. Nbd2 Be7 6. Bd3 Nh5 7. Bg3 d6 8. Qe2
Nd7 9. e4 c5 10. c4 cxd4 11. Nxd4 Nxg3 12. hxg3 Bf6 13. N2f3 a6 14. Rd1 Qe7 15.
O-O O-O 16. Bb1 g6 17. Rfe1 Rfd8 18. Nh2 Bg7 19. b3 Rac8 20. Ng4 Qg5 21. Nh2
Qc5 22. Qe3 b5 23. cxb5 axb5 24. Nhf3 Ne5 25. Nc2 Ng4 26. Qe2 d5 27. Nfd4 h5
28. Qxb5 Qxb5 29. Nxb5 dxe4 30. Nd6 Rc7 31. Nxb7 Rxd1 32. Rxd1 Rxb7 33. Ne3
Nxe3 34. fxe3 f5 35. Rd6 Rc7 36. Bxe4 fxe4 37. Rxe6 Rc1+ 38. Kh2 Kf7 1/2-1/2